000 01255nam a2200217Ia 4500
003 OSt
005 20210526134921.0
008 210310s1998 ck gr 000 0 spa d
040 _aCO-JMCR
_cCO-JMCR
041 0 _aspa
082 0 4 _a331.12 /
_bL662e
_223
100 1 _aLópez Castaño, Hugo,
_eautor
_926438
245 1 3 _aEl empleo en Colombia 1998 :
_bsituación actual y desafíos futuros /
_cHugo López Castaño, Jesús Botero García Remberto Rhenals M.
260 _aMedellín, Colombia :
_bDepartamento Nocional de Planeación,
_c1998.
300 _aiv, [168] páginas ;
_c28 cm.
505 _aCoyuntura reciente del mercado laboral y retos futuros para la generación de empleo. -- Perspectivas futuras del crecimiento y el empleo: un análisis mediante equilibrio general computable. -- Desempleo friccional y estructural y búsqueda de empleo. -- Educación, capacitación y mercado laboral: la educación superior y la formación para el trabajo. -- Importancia y perspectivas del empleo informal. -- Pobreza y mercado laboral en el sector rural.
650 1 4 _aEmpleo
_zColombia
_926499
650 2 4 _aSituación actual
_xEmpleo
_zColombia
_937924
700 1 _aGarcía Remberto Rhenals M., Jesús Botero,
_eautor
_937925
942 _2ddc
_cBK
999 _c11807
_d11807